Football belge - Le Grand Quiz (Diables, joueurs, clubs...) - Statistiques

Statistiques générales
  • Ce quiz a été pris 320 fois
  • Le résultat moyen est 12 sur 26
Statistiques - réponses
Diables rouges Réponse % Correct
Meilleur buteur en sélection Romelu Lukaku
98%
Meilleur résultat en Coupe du Monde (année ou pays organisateur) Russie / 2018
90%
Capitaine de l'équipe lors de cette Coupe du Monde Eden Hazard
88%
Club le plus titré RSC Anderlecht
84%
Joueur le plus sélectionné (157 sélections entre 2007 et 2024) Jan Vertonghen
81%
Capitaine emblématique de Manchester City, avec qui il a remporté 4 Premier League Vincent Kompany
72%
Petit attaquant né à Louvain, il le meilleur buteur de l'histoire du SSC Naples Dries Mertens
68%
Club le plus titré en Coupe de Belgique Club Bruges
65%
Coupe des Coupes (1976 et 1978) et Coupe de l'UEFA (1983) RSC Anderlecht
63%
Meilleur résultat à l'Euro (année ou pays organisateur) Italie / 1980
58%
Sélectionneur belge entre 2012 et 2016, avant d'entrainer la Côte d'Ivoire puis l'Iran Marc Wilmots
58%
Meilleur gardien de la Coupe du Monde 1986 et champion de Belgique comme joueur et entraineur Michel Preud'homme
56%
Seul titre majeur au palmarès de la sélection belge (année ou nom de la compétition) J.O. Paris 1924
51%
Club avec le plus grand nombre de saisons consécutives en division 1 Standard de Liège
47%
Coupe des Coupes (1988) KV Malines
43%
Meilleure buteuse de l'équipe nationale Tessa Wullaert
32%
Premier club champion en 1895-1896 RFC Liège
30%
Club le plus titré du championnat Standard de Liège
29%
Transfert le plus cher de l'histoire du championnat (36,50 millions € en 2022) Charles De Ketelaere
21%
Meilleure performance à l'Euro (année ou pays organisateur) Angleterre / 2022
18%
Entraineur de l'équipe lors de cet Euro Guy Thys
16%
Record d'apparitions (680 matches, dont 603 avec Anderlecht) Olivier Deschacht
16%
Milieu défensif ayant joué presque toute sa carrière au FC Bruges, où il a remporté 2 souliers d'or dans les années 90 Franky Van der Elst
10%
Nom du Championnat féminin belge Super League
10%
Joueur le plus sélectionné (157 sélections entre 2007 et 2024) Janice Cayman
7%
Meilleur buteur (377 buts en 488 matches avec le KV Malines) Albert De Cleyn
5%
Aucun quiz correspondant
Distribution des résultats
% des personnes avec chaque résultat
Percentile par nombre de réponses
Votre historique - résultats
Vous n’avez pas pris ce quiz